000 00544nam a2200193 a 4500
001 000042815
005 20201002040422.0
008 140210s1979 sp 000 0 spa d
020 _a8402061435
040 _aDO-SdBNP
_bspa
_cBNPHU
082 _axxxxxxx
_bxxxxxxx
100 1 _aAsimov, Isaac,
_d1920-
_98182
245 1 0 _aCompre Jupiter /
_cIsaac Asimov.
260 _aBarcelona, :
_bBruguera,
_c1979.
300 _a300 p. ;
_c18 cm.
490 1 _aLibro amigo
500 _aIncluye notas al pie de las páginas
830 0 _aLibro amigo
_913799
999 _c42304
_d42304